=LDR 00000nam 2200000 4500 =001 INLIS000000000053735 =005 20190131071629 =035 ##$$a 0010-0119000051 =007 ta =008 190131###########################0###### =020 ##$$a 979-489-694-2 =082 ##$$a 584 =084 ##$$a 584 DYA a =100 #$$a Dyah Widiastoety Darmono =245 1#$$a Agar Anggrek Rajin Berbunga /$c Dyah Widiastoety Darmono =250 ##$$a Cet.6 =260 ##$$a Jakarta :$b Penebar Swadaya,$c 2006 =300 ##$$a viii, 64 hlm. : $b ilus. ; $c 21 Cm. =650 ##$$a Anggrak =504 ##$$a Bibliografi : hlm.60 =990 ##$$a 01520152 =990 ##$$a 31800179